00434 2200157 4500001002100000008004100021035002000062245007100082100000800153260003200161084001600193082001000209990001900219990001900238990001900257INLIS000000000000140 ind  a0010-0924000129 aPETUNJUK PELAKSANAAN PENDIDIKAN PENDAHULUAN BELA NEGARA TAHAP AWAL aTIM aJAKARTA :bDEPDIKBUD.c1993 a001 3 TIM p a001 3 a000.1998.00041 a000.1998.00042 a000.1998.00043